Statistics for Lord of the Rings Ultimate Character Quiz

Click here to take the quiz!

General Stats

  • This quiz has been taken 338 times
  • The average score is 38 of 49

Answer Stats

HintAnswer% Correct
The Grey Wizard and friend of BilboGandalf
99%
The Dark Lord and creator of the One RingSauron
99%
Dunedain Ranger and eventual King of GondorAragorn
97%
Dwarf and member of The FellowshipGimli
97%
Elven prince of Mirkwood and member of The FellowshipLegolas
97%
Hobbit and RingbearerFrodo Baggins
96%
Hobbit who fights for RohanMeriadoc Brandybuck
96%
Gardener and friend of the aboveSamwise Gamgee
96%
Captain of Gondor and member of The FellowshipBoromir
95%
Leader of RivendellElrond
95%
Hobbit who fights for GondorPeregrin Took
95%
Hobbit who travelled to The Lonely MountainBilbo Baggins
94%
Leader of the Istari who resides in IsengardSaruman
94%
Brother of the above and Gondor CaptainFaramir
93%
The Lady of LothlorienGaladriel
93%
Solitary being who was corrupted by The RingGollum
93%
Leader of the EntsTreebeard
93%
Elven lover of AragornArwen Undomiel
92%
Shield-maiden of RohanEowyn
90%
Dragon who destroyed DaleSmaug the Terrible
90%
King of Rohan during the War of the RingTheoden
90%
Leader of the NazgulThe Witch-King of Angmar
90%
Father of the aboveGloin
89%
Giant Spider who lives in Cirith UngolShelob
89%
Steward of Gondor who goes insaneDenethor
88%
Captain of the RohirrimEomer
88%
Man who defeated Sauron and became a RingbearerIsildur
88%
A mysterious but merry being who dwells in The Old ForestTom Bombadil
88%
Lord of LothlorienCeleborn
85%
Isengard spy who infiltrates EdorasGrima Wormtongue
85%
Wizard and friend of natureRadagast the Brown
84%
Leader of the Dwarven company who reclaimed EreborThorin Oakenshield
82%
Elf who rules MirkwoodThranduil
78%
Dwarf who reclaimed MoriaBalin
76%
Bowman who slayed the aboveBard the Bowman
73%
Elf who fought at Helm's DeepHaldir
67%
Numenorean King who fought at The Battle of the Last AllianceElendil
59%
Black Numenorean and Messenger of MordorMouth of Sauron
58%
'The Defiler'Azog
53%
Elven lord who saved Frodo from the NazgulGlorfindel
52%
Giant EagleGwaihir the Windlord
50%
Rohan captain and doorwardHama
47%
Uruk-Hai who captures Merry and PippinUgluk
44%
Rohan captain; known as 'The Old'Gamling
41%
Citidel Guard in Minas Tirith and friend of PippinBeregond
36%
Orc lieutenant of Minas MorgulGothmog
34%
Orc captain of Cirith UngolGorbag
28%
Former Easterling and Second of the NazgulKhamul the Easterling
24%
The last king of ArnorArvedui
21%

Score Distribution

Percentile by Number Answered

Percent of People with Each Score

Your Score History

You have not taken this quiz